Survey of jamdani products manufacturing units. (Record no. 86044)

MARC details
000 -LEADER
fixed length control field 00744cam a2200241 4500
001 - CONTROL NUMBER
control field sa 68014775
003 - CONTROL NUMBER IDENTIFIER
control field DLC
005 - DATE AND TIME OF LATEST TRANSACTION
control field 20260227112635.0
008 - FIXED-LENGTH DATA ELEMENTS--GENERAL INFORMATION
fixed length control field 700224s1967 pk ab bs 000 0 eng
010 ## - LIBRARY OF CONGRESS CONTROL NUMBER
LC control number sa 68014775
025 ## - OVERSEAS ACQUISITION NUMBER
Overseas acquisition number PL480:EP-E-507
040 ## - CATALOGING SOURCE
Original cataloging agency DLC
Transcribing agency DLC
Modifying agency DLC
050 00 - LIBRARY OF CONGRESS CALL NUMBER
Classification number HD9866.P33E23
082 00 - DEWEY DECIMAL CLASSIFICATION NUMBER
Classification number 338.4/7/6770095492
110 2# - MAIN ENTRY--CORPORATE NAME
Corporate name or jurisdiction name as entry element East Pakistan Small Industries Corporation.
Subordinate unit Statistics Department.
245 10 - TITLE STATEMENT
Title Survey of jamdani products manufacturing units.
260 ## - PUBLICATION, DISTRIBUTION, ETC.
Place of publication, distribution, etc. Dacca
Date of publication, distribution, etc. [1967]
300 ## - PHYSICAL DESCRIPTION
Extent 37, [10] p.
Other physical details illus., map.
Dimensions 28 cm.
350 ## - PRICE (NR) (BK AM CF MU VM SE) [OBSOLETE]
Price unpriced
500 ## - GENERAL NOTE
General note Cover title.
504 ## - BIBLIOGRAPHY, ETC. NOTE
Bibliography, etc. note "List of some of the jamdani products manufacturers": p. [39]-[42]
650 #0 - SUBJECT ADDED ENTRY--TOPICAL TERM
Topical term or geographic name entry element Textile industry
Geographic subdivision Bangladesh.

No items available.

Powered by Koha